Name That Show Quiz Stats

 Plays Quiz Updated Mar 13, 2018

Score 0/30 Timer 07:00
3 Plays Today
Characters Show % Correct
Jack Bauer, Tony Almeida, David Palmer24
79.8%
Carrie Bradshaw, Samantha Jones, Mr. BigSex and the City
77.8%
Dana Scully, Fox Mulder, Walter S. SkinnerThe X-Files
70.9%
'Hawkeye' Pierce, B.J. Hunnicutt, 'Hot Lips' HoulihanM*A*S*H
66%
John Locke, Jack Shephard, James 'Sawyer' FordLost
58.8%
Derek Shepherd, Cristina Yang, Izzie StevensGrey's Anatomy
55.3%
Doug Ross, Carol Hathaway, Luka KovačER
53.9%
Catherine Willows, Gilbert 'Gil' Grissom, Nick StokesCSI
52.4%
Brenda Walsh, Dylan McKay, Donna MartinBeverly Hills 90210
50.2%
Noah Bennet, Hiro Nakamura, Peter PetrelliHeroes
46.4%
Ari Gold, Eric Murphy, Vincent ChaseEntourage
46.4%
Hannibal, B.A. Baracus, MurdockThe A-Team
43.2%
Sonny Crockett, Rico Tubbs, Gina Navarro CalabreseMiami Vice
41.4%
Susan Mayer, Lynette Scavo, Gabrielle SolisDesperate Housewives
40.2%
Mike Logan, Jack McCoy, Lennie BriscoeLaw and Order
39.7%
Characters Show % Correct
Serena van der Woodsen, Blair Waldorf, Nate ArchibaldGossip Girl
39.4%
Christopher Moltisanti, Jennifer Melfi, Silvio DanteThe Sopranos
38.4%
Andy Sipowicz, Bobby Simone, Diane RussellNYPD Blue
36.3%
Rupert Giles, Willow Rosenberg, Xander HarrisBuffy the Vampire Slayer
34.8%
Don Draper, Peggy Olson, Salvatore RomanoMad Men
32.3%
Lucas Scott, Peyton Sawyer, Brooke DavisOne Tree Hill
30.3%
Arvin Sloane, Sydney Bristow, Michael VaughnAlias
27.7%
Josiah 'Jed' Bartlet, C.J. Cregg, Leo McGarryThe West Wing
27.6%
David Addison, Maddie Hayes, Agnes DiPestoMoonlighting
23.4%
Laura Palmer, Dale Cooper, Audrey HorneTwin Peaks
22.1%
Mitch Buchannon, C. J. Parker, Caroline HoldenBaywatch
21.4%
Sam Beckett, Al Calavicci, ZiggyQuantum Leap
18.1%
Frank Furillo, Mick Belker, Lucy BatesHill Street Blues
16.2%
Jimmy McNulty, Omar Little, Lester FreamonThe Wire
15.7%
Vic Mackey, Danielle 'Danni' Sofer, Julien LoweThe Shield
12%

You're not logged in!

Compare scores with friends on all Sporcle quizzes.
OR
Log In

Sporcle TV

Today on Sporcle TV


Watch our educational content, quiz creation guides, and fun videos on Sporcle TV.

Show Comments

Extras

Top Quizzes Today


Score Distribution

Your Account Isn't Verified!

In order to create a playlist on Sporcle, you need to verify the email address you used during registration. Go to your Sporcle Settings to finish the process.

Report this User

Report this user for behavior that violates our Community Guidelines.

Details: